LIBRARY & INFORMATION CENTRE, KCAET, TAVANUR

ONLINE PUBLIC ACCESS CATALOGUE (OPAC)

Programming languages: Design and implementation / (Record no. 9658)

MARC details
000 -LEADER
fixed length control field 00525cam a2200193ua 4500
020 ## - INTERNATIONAL STANDARD BOOK NUMBER
ISBN 81 7808 553 4
041 ## - LANGUAGE CODE
Language code of text/sound track or separate title eng
082 ## - DEWEY DECIMAL CLASSIFICATION NUMBER
Classification number 005.133
Item number PRA/PR
100 ## - MAIN ENTRY--AUTHOR NAME
Personal name Pratt, Terrence W .
245 ## - TITLE STATEMENT
Title Programming languages: Design and implementation /
250 ## - EDITION STATEMENT
Edition statement 4 /
260 ## - PUBLICATION, DISTRIBUTION, ETC. (IMPRINT)
Place of publication Delhi :
Name of publisher Pearson Education ,
Year of publication 2001.
300 ## - PHYSICAL DESCRIPTION
Number of Pages 649 ; .
700 1# - ADDED ENTRY--PERSONAL NAME
Personal name Zelkowitz, Marvin V .
942 ## - ADDED ENTRY ELEMENTS (KOHA)
Koha item type Books
Holdings
Withdrawn status Lost status Damaged status Home library Current library Date acquired Full call number Accession Number Koha item type
      KAUAET KAUAET 07/04/2012 005.133 20560 Books
free website counter